Tour du monde en 20 questions ! [Facile] - Statistiques

Statistiques générales
  • Ce quiz a été pris 50 fois
    12 depuis la dernière actualisation
  • Le résultat moyen est 18 sur 20
Statistiques - réponses
Question Réponse % Correct
Combien de joueurs dans une équipe de football ? 11
100%
Combien de côtés a un hexagone ? 6
100%
Combien de continents y a-t-il sur Terre ? 7
100%
Quel est le plus grand le chiffre ? 9
100%
Quelle est la langue la plus parlée au monde ? Anglais
100%
Quelle est la capitale du Brésil ? Brasilia
100%
Dans quel pays se trouve la Grande Muraille ? Chine
100%
Quel est l'animal terrestre le plus rapide ? Guépard
100%
Quel est le symbole chimique de l'eau ? H2O
100%
De quelle couleur est l'or pur ? Jaune
100%
Quel est le plus grand océan du monde ? Pacifique
100%
Quel est le plus petit pays du monde ? Vatican
100%
Quelle est la monnaie du Japon ? Yen
100%
Quelle est la capitale de l'Australie ? Canberra
91%
Quelle planète est la plus proche du Soleil ? Mercure
91%
Dans quel pays se trouve le mont Everest ? Népal
91%
Dans quel pays se trouve le Machu Picchu ? Pérou
91%
Quel est le plus long fleuve du monde ? Nil
82%
Quel métal précieux est plus rare que l'or ? Platine
55%
Quel est le plus grand désert du monde ? Antarctique
36%
Aucun quiz correspondant
Distribution des résultats
% des personnes avec chaque résultat
Percentile par nombre de réponses
Votre historique - résultats
Vous n’avez pas pris ce quiz depuis la dernière actualisation